00282nam a2200109Ia 4500008004100000100002200041245003500063260000900098300002900107440002400136650001200160180117s9999 xx 000 0 und d aby Edwin p Galvez aBatangas and its Many Churches c2017 a9-13 pages, 2017 April 2 aPhilippine Panorama aCHURCES